000 00262nam a2200109Ia 4500
008 190216s9999||||xx |||||||||||||| ||und||
100 _aSharma & Agarwal
245 0 _aBanks Recrutment Tests
260 _bArun Prakashan
_c1985
300 _a170p
942 _cREF
999 _c35638
_d35638